| 000 | 01468cad a2200241 4500 | ||
|---|---|---|---|
| 001 | ##L131289 | ||
| 008 | 051017s2007 f s 000 0 eng u | ||
| 035 | _a(Sirsi) u138522 | ||
| 041 | 0 | _aeng | |
| 050 | 0 | 4 | _a346.4104342 $2 18 |
| 110 |
_aAssociation of Residential Letting Agents _93020 |
||
| 245 | 0 | 0 |
_aARLA Members Survey Report _bSecond Quarter 2005 _h[electronic resource] |
| 260 | 3 |
_aAmersham _bARLA _c2007 |
|
| 490 | 0 | _aARLA Members Survey Report | |
| 520 | _aFinds that demand for rental properties has far outstripped demand. This highlights the need for investment in the private rented sector. Rents rose for all types of property for the fourth consecutive month. 7 out of 10 prime London agencies report there are more tenants than properties. Average rented house values were £885 000 in Prime Central London and £229 000 away from the South East. Asset values of flats dropped 1.3% across the country. Despite rising rent levels, returned dropped slightly. This is attributed to rising house prices. Tenants continue to remain in properties for over a year on average. | ||
| 590 | _aKA | ||
| 651 | 4 |
_aUnited Kingdom _y |
|
| 690 | _aPROPERTY-RESIDENTIAL PROPERTY-RESIDENTIAL PROPERTY TENURE-LEASEHOLD RESIDENTIAL PROPERTY | ||
| 700 | 1 | _aCarey Jones, O. M. | |
| 710 |
_aARLA Panel of Mortgage Lenders _94776 |
||
| 856 | 4 | 0 |
_uhttps://www.arla.co.uk/btl/btlsurvey0305.htm _zView the survey report free of charge at www.arla.co.uk... |
| 942 | _n0 | ||
| 999 |
_c107192 _d107192 |
||